| 000 | 00829nam a2200265 a 4500 | ||
|---|---|---|---|
| 001 | 58875 | ||
| 003 | BD-RjUL | ||
| 005 | 20211209080651.0 | ||
| 008 | 161220s1987 txua b 001 0 eng | ||
| 020 | _a0256036829 | ||
| 035 | _a(BD-RjUL)58999 | ||
| 040 |
_aDLC _cDLC _dBD-RjUL _beng |
||
| 041 | _aeng | ||
| 082 | 0 | 0 |
_a658 _223 _bDOF 1987 |
| 100 | 1 |
_aDonnelly, James H. _9175077 |
|
| 245 | 1 | 0 |
_aFundamentals of management / _cJames H. Donnelly, James L. Gibson, John M. Ivancevich. |
| 250 | _a6th ed. | ||
| 260 |
_aPlano, Tex. : _bBusiness Publications, _c1987. |
||
| 300 |
_axxviii, 827 p. : _bill. ; _c25 cm. |
||
| 504 | _aIncludes bibliographies and indexes. | ||
| 650 | 0 |
_aManagement. _9172842 |
|
| 700 | 1 |
_aGibson, James L. _q(James Lawrence), _d1935- _9175078 |
|
| 700 | 1 |
_aIvancevich, John M. _9175079 |
|
| 942 |
_2ddc _cBK |
||
| 999 |
_c58875 _d58875 |
||